Cyberpower : the culture and politics of cyberspace and the Internet

Saved in:
Bibliographic Details
Main Author: Jordan, Tim 1959-
Format: Book
Language:English
Published: London : Routledge, 1999
Subjects:
Tags: Add Tag
No Tags, Be the first to tag this record!

MARC

LEADER 00000nam a2200000 i 4500
001 1/101489
008 090219s1999 eng d
020 |a 0-415-17077-X 
035 |l 10103282 
040 |a GR-MY-UA  |b gre  |e aacr 
041 0 |a eng 
082 0 |a 303.4833  |2 (22) 
100 1 |a Jordan, Tim  |d 1959- 
245 1 0 |a Cyberpower :  |b the culture and politics of cyberspace and the Internet /  |c Tim Jordan 
260 |a London :   |b Routledge,   |c 1999 
300 |a vii, 254 σ.;  |b εικ.;  |c 24 εκ. 
504 |a Βιβλιογραφία: σ. [233]-247 
504 |a Ευρετήριο: σ. [248]-254 
650 0 0 |a Cyberspace  |x Social aspects. 
650 0 0 |a Telematics  |x Social aspects. 
650 0 0 |a Power (Social sciences) 
650 0 0 |a Internet  |x Social aspects. 
852 |a INST  |b LESVOS  |e 20090219  |h 303.4833 JOR  |p 005100043957  |q 005100043957  |t BK  |y 0 
901 |a BIBL1-2009-1 
909 |a Λ  |b 154041 
922 |a 1ΕΛΗ  |b 200809  |c ΕΠΕΑΕΚ2/ΠΤΕ  |d ΜΙΧΑΛΟΠΟΥΛΟΣ 
970 |a ΚΑΡΑ  |b ΓΙΑΣΕΜΗ  |z 2009/02/19